000 01725nam a2200445 i 4500
999 _c2738
_d2738
001 019675459
003 UkOxU
005 20230818102323.0
006 m m
007 co mg ---muuuu
008 131009s2014 enka 000 0 eng d
015 _aGBB398668
_2bnb
020 _a9780198392897
_qTeacher resource pack
035 _a(Uk)016529440
035 _a(StEdALDL)1/3122257
040 _aStDuBDS
_beng
_erda
_cStDuBDS
_dUkOxU
_dKH8
049 _aCROBAR
082 0 4 _a428.24 AKH
100 1 _aAkhurst, Chris,
_eauthor.
245 1 0 _aEnglish as a second language for Cambridge IGCSE® :
_bTeacher Resource Pack /
_cChris Akhurst, Lucy Bowley, Brian Dyer, Dean Roberts.
264 1 _aOxford :
_bOxford University Press,
_c2014.
264 4 _c©2014
300 _a216 pages :
_billustrations ;
_c28 cm.
336 _atext
_2rdacontent
337 _aunmediated
_2rdamedia
337 _acomputer
_2rdamedia
338 _avolume
_2rdacarrier
338 _acomputer disc
_2rdacarrier
347 _atext file
_2rda
500 _a"Endorsed by Cambridge International Examinations"--cover of Workbook.
500 _aStudent book and Workbook each accompanied by CD-ROM in pocket attached to inside front cover.
500 _aEvaluation pack contains Student book, Workbook and Teacher resource pack advance material.
505 0 _aStudent book -- Workbook -- Teacher resource pack -- Evaluation pack.
650 0 _aEnglish language
_vTextbooks for foreign speakers.
700 1 _aBowley, Lucy,
_eauthor.
700 1 _aDyer, Brian,
_eauthor.
700 1 _aRoberts, Dean,
_eauthor.
710 2 _aUniversity of Cambridge.
_bLocal Examinations Syndicate.
_bInternational Examinations.
942 _2ddc
_cTR